| 000 | 00484nam a2200109Ia 4500 | ||
|---|---|---|---|
| 008 | 171205s9999 xx 000 0 und d | ||
| 020 | _a9781680954609 | ||
| 100 | _aMratinkovic, Aleksandar. | ||
| 245 |
_cAleksandar Mratinkovic, Dan Piestun, Hazen Shwky Fouda, Felecia Killings, Sandra El Hajj, Fozia Parveen, Igor Krunic, Jovan Peheevski, Tanjina Nur, Stephen Obtained, Michelle _aProfessional Development and Career Planning |
||
| 260 |
_b3G E-learning LLC _c2017 |
||
| 300 | _a243 pages | ||
| 999 |
_c347423 _d347423 |
||